| 000 | 02016nam0a22002771 4500 | ||
|---|---|---|---|
| 001 | v19\rc\1264903 | ||
| 005 | 20250618002634.0 | ||
| 035 | _a(NLR Aleph) 004418403 | ||
| 090 |
_a4102146 _c4102146 |
||
| 100 | _a20060306e18941894|||y0rusy50 ca | ||
| 101 | 0 | _arus | |
| 102 | _aRU | ||
| 105 | _ay ac ||||| | ||
| 200 | 1 | _aБиблиографический указатель книг и статей, относящихся до учреждений краткосрочного и долгосрочного кредита для сельского населения, артелей, обществ потребителей, обществ взаимного вспомоществования, похоронных касс, положения рабочего класса и мелкой кустарной промышленности в России, 8-е прибавление, сост. Н.В. Гавриловым | |
| 210 |
_aСанкт-Петербург _cтип. И.Н. Скороходова _d[1894] |
||
| 215 |
_a29 с. _d25 |
||
| 309 | _aБез тит. л. и обл. | ||
| 311 | _aИз 7-го вып. "Сообщений Спб., отд-ния Ком. о сельск. ссудо-сберегат. и пром. товариществах" | ||
| 488 | 0 |
_12001#$aСообщения Санкт-Петербургского отделения Комитета о сельских ссудо-сберегательных и промышленных товариществах$vВып. 7 _tСообщения Санкт-Петербургского отделения Комитета о сельских ссудо-сберегательных и промышленных товариществах |
|
| 700 | 1 |
_4220 _7ca _8rus _aГаврилов _bН. В. _cбиблиограф _f1858- _gНиколай Васильевич _9184178 _3RU\NLR\AUTH\770184229 |
|
| 801 | 0 |
_aRU _bNLR _gpsbo |
|
| 801 | 1 |
_aRU _bProSoft-M _2rusmarc |
|
| 852 |
_aNLR _bС _j771-420/Б59 |
||
| 942 | _cBOOK | ||
| 980 | _aNB | ||